| 000 | 00654nam a22001937a 4500 | ||
|---|---|---|---|
| 005 | 20250530160911.0 | ||
| 010 | _aENG-143430 ENG-145081 | ||
| 020 |
_a8190282174 _c300.00 |
||
| 035 | _aEN-126962 | ||
| 035 | _aEN-128613 | ||
| 037 | _bDBAD | ||
| 082 | _a881 | ||
| 100 |
_aReddy J. Bapu _981487 |
||
| 245 |
_aGlimpses of Life: _cBy J. Bapu Reddy _bA Collection of Poem/ |
||
| 260 |
_aRAMACHILUKA, Plot No. 10 Road No. 5, Jubilee Hills, Hyderabad _bJubilee Publications |
||
| 270 |
_aRAMACHILUKA, Plot No. 10 Road No. 5, Jubilee Hills, Hyderabad _bHyderabad _e500033 |
||
| 300 |
_axiv,203p. _c22cm(pb) |
||
| 942 |
_2ddc _cEN _mRED _h881 |
||
| 999 |
_c208534 _d208534 |
||